[Event "Krefeld Pfingsten op"]
[Site "Krefeld"]
[Date "2025.06.09"]
[Round "6"]
[White "Rummelshaus, Heinz"]
[Black "Abasov, Rustam"]
[Result "1/2-1/2"]
[WhiteElo "1887"]
[BlackElo "1711"]
[PlyCount "91"]
[EventDate "2025.06.06"]
[EventType "swiss"]
[EventRounds "9"]
[EventCountry "GER"]
[SourceTitle "CB24_2025"]
[SourceDate "2025.06.11"]
[SourceVersion "1"]
[SourceVersionDate "2025.06.11"]
[SourceQuality "1"]

1. c3 e5 2. c4 Nf6 3. e3 c6 4. Nf3 e4 5. Nd4 d5 6. cxd5 cxd5 7. b3 Be7 8. Bb2 0-0 9. Be2 Qb6 10. 0-0 Nc6 11. Nxc6 Qxc6 12. Nc3 a6 13. Rc1 Qe6 14. Na4 Bd6 15. Bd4 Nd7 16. f4 f5 17. Nc5 Qh6 18. Nxd7 Bxd7 19. Be5 Bxe5 20. fxe5 Qe6 21. Rc5 Bc6 22. Qa1 Qh6 23. Qd4 Rae8 24. Rfc1 Re6 25. Bxa6 bxa6 26. Ra5 Ra8 27. Qb6 Bb5 28. Qb7 Rd8 29. a4 Bd3 30. Rxd5 Rde8 31. Rc7 Rb6 32. Rxg7+ Qxg7 33. Qxb6 Qg4 34. h3 Qg5 35. Qc6 Qe7 36. Rd7 Qe6 37. Rd6 Qc8 38. Qd5+ Kh8 39. e6 Qc7 40. Rd7 Qg3 41. Qxf5 Qg6 42. Qe5+ Kg8 43. e7 Kf7 44. Qd5+ Qe6 45. Qh5+ Qg6 46. Qd5+ 1/2-1/2

[Event "Krefeld Pfingsten op"]
[Site "Krefeld"]
[Date "2025.06.06"]
[Round "1"]
[White "Abasov, Rustam"]
[Black "Restorff, Felix"]
[Result "0-1"]
[WhiteElo "1711"]
[BlackElo "2114"]
[PlyCount "62"]
[EventDate "2025.06.06"]
[EventType "swiss"]
[EventRounds "9"]
[EventCountry "GER"]
[SourceTitle "CB24_2025"]
[SourceDate "2025.06.11"]
[SourceVersion "1"]
[SourceVersionDate "2025.06.11"]
[SourceQuality "1"]

1. e4 c6 2. d4 d5 3. exd5 cxd5 4. Nc3 Nc6 5. Nf3 Nf6 6. Bd3 Bg4 7. Be2 e6 8. a3 Be7 9. 0-0 0-0 10. h3 Bh5 11. b4 Rc8 12. Na4 Ne4 13. Bb2 b6 14. Ne5 Bxe2 15. Qxe2 Nxe5 16. dxe5 Qd7 17. b5 Rc4 18. Rfd1 Rxa4 19. c4 Qb7 20. cxd5 exd5 21. Rd3 Nc5 22. Rg3 Ne6 23. Rf1 Re4 24. Qd2 Bh4 25. Rg4 Rxg4 26. hxg4 d4 27. f4 Qe4 28. Kh2 Rc8 29. Rc1 Rc4 30. Rc2 Rxc2 31. Bc1 Rxc1 0-1